000 00433nam a22001817a 4500
003 MPLRDC
005 20220104114711.0
008 210129b ||||| |||| 00| 0 eng d
020 _a7-303-02066-7
082 _a857.44 GAXY v.3
100 _a佚名
245 _a争春园
_c
250 _a一版一刷
260 _a
_b北京师范大学出版社
_c1993
300 _b
650 _a章回小说
942 _cBK
_o857.44 GAXY v.3
999 _c9538
_d9528